Survival & growth : (Record no. 28726)

MARC details
000 -LEADER
fixed length control field 01099cam a22003135i 4500
001 - CONTROL NUMBER
control field 15198637
003 - CONTROL NUMBER IDENTIFIER
control field EG-ScBUE
005 - DATE AND TIME OF LATEST TRANSACTION
control field 20200915145318.0
008 - FIXED-LENGTH DATA ELEMENTS--GENERAL INFORMATION
fixed length control field 010410t19741974nyu f 001 0 eng d
020 ## - INTERNATIONAL STANDARD BOOK NUMBER
International Standard Book Number 0814453597
040 ## - CATALOGING SOURCE
Original cataloging agency CtY
Language of cataloging eng
Description conventions rda
Transcribing agency CtY
Modifying agency EG-ScBUE
082 04 - DEWEY DECIMAL CLASSIFICATION NUMBER
Classification number 658.022
Item number COH
Edition number 22
100 1# - MAIN ENTRY--PERSONAL NAME
Personal name Cohn, Theodore,
Relator term author.
245 10 - TITLE STATEMENT
Title Survival & growth :
Remainder of title management strategies for the small firm /
Statement of responsibility, etc Theodore Cohn, Roy A. Lindberg.
246 3# - VARYING FORM OF TITLE
Title proper/short title Survival and growth :
Remainder of title management strategies for the small firm
264 #1 - PUBLICATION, DISTRIBUTION, ETC. (IMPRINT)
Place of publication, distribution, etc New York :
Name of publisher, distributor, etc amacom / American Management Associations,
Date of publication, distribution, etc [1974]
264 #4 - PUBLICATION, DISTRIBUTION, ETC. (IMPRINT)
Date of publication, distribution, etc c1974
300 ## - PHYSICAL DESCRIPTION
Extent ix, 228 pages ;
Dimensions 24 cm
336 ## - CONTENT TYPE
Content type term text
Content type code txt
Source rdacontent
337 ## - MEDIA TYPE
Media type term unmediated
Media type code n
Source rdamedia
338 ## - CARRIER TYPE
Carrier type term volume
Carrier type code nc
Source rdacarrier
500 ## - GENERAL NOTE
General note Includes index.
590 ## - LOCAL NOTE (RLIN)
Local note Temporary access is available to the Yale community.
650 #7 - SUBJECT ADDED ENTRY--TOPICAL TERM
Topical term or geographic name as entry element Small business
General subdivision Management.
Source of heading or term BUEsh
653 ## - INDEX TERM--UNCONTROLLED
Resource For college BAEPS, Business Administration
Arrived date list September2020
700 1# - ADDED ENTRY--PERSONAL NAME
Personal name Lindberg, Roy A.,
Relator term author.
9 (RLIN) 3433
730 0# - ADDED ENTRY--UNIFORM TITLE
Uniform title Internet Archive Controlled Digital Lending.
942 ## - ADDED ENTRY ELEMENTS (KOHA)
Source of classification or shelving scheme Dewey Decimal Classification
Koha item type Book - Borrowing
Holdings
Withdrawn status Lost status Source of classification or shelving scheme Damaged status Not for loan Collection code Home library Current library Shelving location Date acquired Source of acquisition Total Checkouts Full call number Barcode Date last seen Price effective from Koha item type
    Dewey Decimal Classification     unknown Central Library Central Library First floor 15/09/2020 Purchase   658.022 COH 000049648 15/07/2025 15/09/2020 Book - Borrowing